[Event "North American-ch U20 Girls"]
[Site "Kitchener"]
[Date "2015.07.28"]
[Round "4"]
[White "Peng, Janet"]
[Black "Ding, Kimberly"]
[Result "0-1"]
[WhiteElo "1671"]
[BlackElo "1920"]
[PlyCount "76"]
[EventDate "2015.07.26"]
[EventType "swiss"]
[EventRounds "9"]
[EventCountry "CAN"]
[SourceTitle "EXT 2019"]
[Source "ChessBase"]
[SourceDate "2018.10.10"]
[SourceVersion "1"]
[SourceVersionDate "2018.10.10"]
[SourceQuality "1"]

1. d4 Nf6 2. Nf3 g6 3. Bf4 Bg7 4. e3 0-0 5. h3 d6 6. Be2 Nbd7 7. 0-0 Qe8 8. c3 c6 9. Bh2 e5 10. Nbd2 Qe7 11. Rc1 Ne8 12. Nc4 f5 13. Re1 e4 14. Nfd2 d5 15. Na3 g5 16. c4 Nb6 17. cxd5 Nxd5 18. Bc4 Kh8 19. Bxd5 cxd5 20. Nb5 f4 21. exf4 gxf4 22. Qb3 Be6 23. f3 e3 24. Nb1 a6 25. N5c3 Bxd4 26. Ne2 Be5 27. Qb6 Rf6 28. Qb3 Qg7 29. Kh1 d4 30. Qd3 Bf5 31. Qb3 d3 32. Rcd1 dxe2 33. Rxe2 Be6 34. Qa4 Nd6 35. b3 Nb5 36. Rxe3 Rf5 37. Re4 Rg8 38. Rg1 Bd4 0-1

[Event "North American-ch U20 Girls"]
[Site "Kitchener"]
[Date "2015.07.27"]
[Round "2"]
[White "Kaneshalingam, Mathanhe"]
[Black "Peng, Janet"]
[Result "1-0"]
[WhiteElo "1585"]
[BlackElo "1671"]
[PlyCount "99"]
[EventDate "2015.07.26"]
[EventType "swiss"]
[EventRounds "9"]
[EventCountry "CAN"]
[SourceTitle "EXT 2019"]
[Source "ChessBase"]
[SourceDate "2018.10.10"]
[SourceVersion "1"]
[SourceVersionDate "2018.10.10"]
[SourceQuality "1"]

1. e4 e6 2. d4 d5 3. Nc3 Nf6 4. e5 Nfd7 5. f4 c5 6. Nf3 Nc6 7. Ne2 Qb6 8. c3 Be7 9. g3 0-0 10. Bg2 f6 11. Qc2 cxd4 12. cxd4 fxe5 13. fxe5 Ndxe5 14. dxe5 Nxe5 15. Rf1 Nc4 16. b3 Bb4+ 17. Kd1 Ne3+ 18. Bxe3 Qxe3 19. a3 Ba5 20. b4 Bb6 21. Qd2 Qb3+ 22. Qc2 Qe3 23. Qd2 Qe4 24. Nc3 Qc4 25. Ne2 Bd7 26. Qc2 Qa6 27. a4 Rac8 28. Qb3 Bd8 29. b5 Qb6 30. Qd3 Bf6 31. Ra2 Qa5 32. Nd2 a6 33. Bxd5 exd5 34. Qxd5+ Rf7 35. Nc4 Qb4 36. Nd6 Qb1+ 37. Kd2 Bg5+ 38. Nf4 Qb4+ 39. Ke2 Bg4+ 40. Kf2 Rcf8 41. Nxf7 Rxf7 42. Qxg5 Qd4+ 43. Kg2 Qe4+ 44. Kg1 Be6 45. Raf2 Bc4 46. Rd1 Rf8 47. Nh5 g6 48. Rxf8+ Kxf8 49. Qf6+ Bf7 50. Rd8+ 1-0

[Event "CAN-ch U16 Girls"]
[Site "Windsor"]
[Date "2015.07.06"]
[Round "1.7"]
[White "Pobereshnikova, Agniya"]
[Black "Peng, Janet"]
[Result "1/2-1/2"]
[WhiteElo "1651"]
[BlackElo "1728"]
[PlyCount "133"]
[EventDate "2015.07.06"]
[EventType "tourn"]
[EventRounds "6"]
[EventCountry "CAN"]
[SourceTitle "EXT 2022"]
[Source "ChessBase"]
[SourceDate "2021.10.06"]
[SourceVersion "1"]
[SourceVersionDate "2021.10.06"]
[SourceQuality "1"]

1. e4 e6 2. d4 d5 3. Nd2 Nf6 4. e5 Nfd7 5. Ngf3 c5 6. c3 Nc6 7. Bd3 Qb6 8. 0-0 cxd4 9. cxd4 Nxd4 10. Nxd4 Qxd4 11. Nf3 Qb6 12. Qa4 Qb4 13. Qxb4 Bxb4 14. a3 Ba5 15. b4 Bb6 16. Bb2 0-0 17. Rfc1 Nb8 18. Bd4 Bxd4 19. Nxd4 Nd7 20. f4 a6 21. Rc7 Nb6 22. Rac1 Rb8 23. b5 a5 24. Nb3 a4 25. Nd4 Bd7 26. Kf2 Rfc8 27. R1c2 g6 28. g4 Kg7 29. g5 Kf8 30. h4 Be8 31. Rxc8 Rxc8 32. Rxc8 Nxc8 33. Bc2 Nb6 34. Ke2 Ke7 35. Bd3 Kd8 36. Kd2 Kc7 37. Kc3 Nd7 38. Kb4 Kb6 39. Bc2 Nc5 40. Bb1 Nb3 41. Nxb3 axb3 42. a4 b2 43. Bc2 Bd7 44. a5+ Kc7 45. b6+ Kc8 46. Kc3 Ba4 47. Kxb2 Bxc2 48. Kxc2 Kd7 49. Kc3 Kc6 50. Kb4 d4 51. Kc4 d3 52. Kxd3 Kb5 53. Kd4 Kxa5 54. Kc5 Ka6 55. Kd6 Kxb6 56. Ke7 Kc6 57. Kxf7 Kd7 58. Kg7 b5 59. Kxh7 b4 60. Kxg6 b3 61. Kh6 b2 62. g6 b1Q 63. g7 Qh1 64. g8Q Qxh4+ 65. Kg6 Qg4+ 66. Kh7 Qxf4 67. Qg7+ 1/2-1/2

[Event "World ol U16"]
[Site "Gyor"]
[Date "2014.12.18"]
[Round "6.4"]
[White "Peng, Janet"]
[Black "Sucikova, Svetlana"]
[Result "0-1"]
[WhiteElo "1694"]
[BlackElo "1985"]
[PlyCount "74"]
[EventDate "2014.12.13"]
[EventType "team-swiss"]
[EventRounds "10"]
[EventCountry "HUN"]
[SourceTitle "EXT 2016"]
[Source "ChessBase"]
[SourceDate "2015.10.08"]
[SourceVersion "1"]
[SourceVersionDate "2015.10.08"]
[SourceQuality "1"]
[WhiteTeam "Canada III"]
[BlackTeam "Slovakia"]
[WhiteTeamCountry "CAN"]
[BlackTeamCountry "SVK"]

1. d4 d5 2. c4 e6 3. Nc3 c6 4. e3 Nf6 5. Nf3 Nbd7 6. Bd3 dxc4 7. Bxc4 b5 8. Bd3 a6 9. 0-0 Be7 10. Bd2 0-0 11. Rc1 c5 12. dxc5 Nxc5 13. Bc2 Bb7 14. Nd4 Rc8 15. a3 Qb6 16. b4 Ncd7 17. Nce2 Ne5 18. Bb3 Ne4 19. Ng3 Nxg3 20. hxg3 Bf6 21. Bc3 Rfd8 22. Qe2 Be4 23. Rfd1 Nd3 24. Ra1 Rxc3 25. Bc2 Bxd4 26. exd4 Qxd4 27. Bxd3 Rxd3 28. Rdc1 Rd2 29. Qe1 Bd5 30. Rcb1 Bc4 31. Rc1 h6 32. Rcb1 Re2 33. Qf1 Rb2 34. Qe1 Rxb1 35. Rxb1 Rd5 36. Rc1 Qd2 37. Qxd2 Rxd2 0-1

[Event "World ol U16"]
[Site "Gyor"]
[Date "2014.12.14"]
[Round "2.4"]
[White "Peng, Janet"]
[Black "Marx, Inge"]
[Result "0-1"]
[WhiteElo "1694"]
[BlackElo "1524"]
[PlyCount "68"]
[EventDate "2014.12.13"]
[EventType "team-swiss"]
[EventRounds "10"]
[EventCountry "HUN"]
[SourceTitle "EXT 2016"]
[Source "ChessBase"]
[SourceDate "2015.10.08"]
[SourceVersion "1"]
[SourceVersionDate "2015.10.08"]
[SourceQuality "1"]
[WhiteTeam "Canada III"]
[BlackTeam "South Africa II"]
[WhiteTeamCountry "CAN"]
[BlackTeamCountry "RSA"]

1. d4 Nf6 2. Nf3 c5 3. c3 b6 4. Bf4 Bb7 5. e3 g6 6. Be2 Bg7 7. h3 0-0 8. 0-0 d6 9. Nbd2 a6 10. Qc2 Nc6 11. Rac1 b5 12. Rfd1 Qb6 13. b3 Rfc8 14. Qb1 a5 15. Bh2 cxd4 16. cxd4 Nb4 17. Qb2 Ne4 18. a3 Nxd2 19. Qxd2 Nd5 20. Ng5 b4 21. a4 Nc3 22. Re1 h6 23. Nf3 Bd5 24. Bd1 Qb7 25. Ra1 Ne4 26. Qd3 Rc3 27. Qb1 Rac8 28. Qb2 Rd3 29. Be2 Rxb3 30. Qa2 Ra3 31. Qb2 Rb3 32. Qa2 Rbc3 33. Qb1 Rc2 34. Ra2 Rxa2 0-1

[Event "North American-ch U20"]
[Site "Kitchener"]
[Date "2014.08.02"]
[Round "5.18"]
[White "Liang, Hairan"]
[Black "Peng, Janet"]
[Result "0-1"]
[WhiteElo "1808"]
[BlackElo "1655"]
[PlyCount "94"]
[EventDate "2014.07.31"]
[EventType "swiss"]
[EventRounds "9"]
[EventCountry "CAN"]
[SourceTitle "EXT 2022"]
[Source "ChessBase"]
[SourceDate "2021.10.06"]
[SourceVersion "1"]
[SourceVersionDate "2021.10.06"]
[SourceQuality "1"]

1. e4 e6 2. d4 d5 3. Nc3 Nf6 4. Bg5 Bb4 5. e5 h6 6. Bd2 Nfd7 7. Qg4 Bf8 8. f4 c5 9. Nf3 Nc6 10. dxc5 Nxc5 11. Bb5 a6 12. Bxc6+ bxc6 13. Be3 g6 14. 0-0 Nd7 15. Nd4 c5 16. f5 Nxe5 17. Qf4 Bd6 18. fxg6 f5 19. g7 Rg8 20. Qxh6 Qd7 21. Qh5+ Qf7 22. Qxf7+ Kxf7 23. Nb3 d4 24. Nxd4 cxd4 25. Bxd4 Rxg7 26. Rfe1 Nf3+ 27. Kf2 Nxd4 28. Rad1 Bc5 29. Kf1 Bb7 30. g3 Bc6 31. a3 Rh8 32. b4 Bb6 33. Rd2 Nf3 34. Rd6 Nxh2+ 35. Ke2 Bf3+ 36. Kd2 Rd8 37. Rexe6 Rxg3 38. Rf6+ Kg7 39. Kc1 Rxd6 40. Rxd6 Be3+ 41. Kb2 Bg4 42. Rxa6 f4 43. Nd5 Bd4+ 44. c3 f3 45. cxd4 f2 46. Rf6 Nf3 47. Rxf3 Rxf3 0-1

[Event "Toronto NAYCC U14 Girls"]
[Site "Toronto"]
[Date "2013.08.18"]
[Round "8"]
[White "Peng, Janet"]
[Black "Yu, Cindy"]
[Result "1/2-1/2"]
[WhiteElo "1479"]
[BlackElo "1332"]
[PlyCount "68"]
[EventDate "2013.08.14"]
[EventType "swiss"]
[EventRounds "9"]
[EventCountry "CAN"]
[SourceTitle "EXT 2022"]
[Source "ChessBase"]
[SourceDate "2021.10.06"]
[SourceVersion "1"]
[SourceVersionDate "2021.10.06"]
[SourceQuality "1"]

1. d4 Nf6 2. Nf3 g6 3. Bf4 Bg7 4. e3 0-0 5. Be2 d6 6. h3 Nbd7 7. c4 c5 8. Nc3 b6 9. 0-0 cxd4 10. exd4 Bb7 11. Qd2 Re8 12. Bh6 Bh8 13. d5 Nc5 14. Qc2 a6 15. Rad1 Rc8 16. Rfe1 Qc7 17. b3 Ncd7 18. a4 e6 19. dxe6 fxe6 20. Nh4 Ne5 21. Bf4 Nfd7 22. Qd2 d5 23. Bxe5 Nxe5 24. Rc1 dxc4 25. bxc4 Nxc4 26. Bxc4 Qxc4 27. Ne4 Qd5 28. Qf4 Rxc1 29. Qxc1 Qd4 30. Qf4 Rf8 31. Qg4 Qe5 32. Nf3 Qf5 33. Qh4 Qf4 34. Qe7 Qf7 1/2-1/2

[Event "CAN-ch U14 Girls"]
[Site "Ottawa"]
[Date "2013.07.11"]
[Round "4"]
[White "Peng, Janet"]
[Black "Pobereshnikova, Agniya"]
[Result "1/2-1/2"]
[WhiteElo "1537"]
[BlackElo "1353"]
[PlyCount "71"]
[EventDate "2013.07.10"]
[EventType "swiss"]
[EventRounds "6"]
[EventCountry "CAN"]
[SourceTitle "EXT 2022"]
[Source "ChessBase"]
[SourceDate "2021.10.06"]
[SourceVersion "1"]
[SourceVersionDate "2021.10.06"]
[SourceQuality "1"]

1. d4 Nf6 2. Nf3 d5 3. c4 e6 4. Nc3 Be7 5. Bg5 h6 6. Bh4 0-0 7. e3 Nbd7 8. cxd5 Nxd5 9. Bxe7 Qxe7 10. Nxd5 exd5 11. Be2 Nf6 12. 0-0 Bf5 13. Qb3 c5 14. dxc5 Qxc5 15. Rac1 Qe7 16. Nd4 Be6 17. Rc2 Rac8 18. Rfc1 Rxc2 19. Rxc2 Rc8 20. Rxc8+ Bxc8 21. h3 Qc5 22. Bf3 b6 23. Qb5 Bb7 24. Qxc5 bxc5 25. Nb3 c4 26. Nd4 Kf8 27. Kf1 Ke7 28. Ke1 Kd6 29. Kd2 Kc5 30. Kc3 g5 31. g4 a5 32. a3 a4 33. Kc2 Ne8 34. Bg2 Nd6 35. Kc3 f5 36. gxf5 1/2-1/2

[Event "CAN-ch U10 Girls"]
[Site "Windsor"]
[Date "2010.07.09"]
[Round "7"]
[White "Liu, Jiaxin"]
[Black "Peng, Janet"]
[Result "1/2-1/2"]
[WhiteElo "1460"]
[BlackElo "1026"]
[PlyCount "112"]
[EventDate "2010.07.06"]
[EventType "tourn"]
[EventRounds "7"]
[EventCountry "CAN"]
[SourceTitle "EXT 2012"]
[Source "ChessBase"]
[SourceDate "2011.11.24"]
[SourceVersion "1"]
[SourceVersionDate "2011.11.24"]
[SourceQuality "1"]

1. e4 e6 2. d4 d5 3. e5 c5 4. c3 Nc6 5. Nf3 Qb6 6. a3 Nge7 7. b4 cxd4 8. cxd4 Nf5 9. Be3 Nxe3 10. fxe3 a6 11. Be2 Be7 12. 0-0 0-0 13. Nc3 Bd7 14. Qc2 Rac8 15. Qd3 Na7 16. Rac1 Rfd8 17. Bd1 Bb5 18. Qd2 Bxf1 19. Kxf1 Nb5 20. Na4 Qa7 21. Ra1 Rc7 22. Bc2 Rdc8 23. Ra2 Nxa3 24. Nc5 Bxc5 25. dxc5 Nxc2 26. Qxc2 b6 27. Ng5 g6 28. Qe2 a5 29. h4 h5 30. g4 hxg4 31. Qxg4 Qa6+ 32. Kg1 Qc4 33. Qxc4 dxc4 34. cxb6 Rb7 35. bxa5 Ra8 36. Ne4 Kf8 37. Nd6 Rbb8 38. b7 Ra6 39. Kf2 c3 40. Ke2 c2 41. Rxc2 Rxd6 42. Rc8+ Rd8 43. Rxb8 Rxb8 44. a6 Ke7 45. a7 Rxb7 46. a8Q Rb2+ 47. Kf3 Rh2 48. Qb7+ Kf8 49. Qc8+ Kg7 50. Kg3 Re2 51. Qc3 Ra2 52. Qe1 Ra3 53. Qg1 Ra5 54. Kf4 Ra4+ 55. Kg5 Ra5 56. Kf4 Ra4+ 1/2-1/2

[Event "CAN-ch U10 Girls"]
[Site "Victoria"]
[Date "2009.07.23"]
[Round "5"]
[White "Peng, Janet"]
[Black "Milicevic, Aleksandra"]
[Result "1/2-1/2"]
[WhiteElo "992"]
[BlackElo "1194"]
[PlyCount "117"]
[EventDate "2009.07.21"]
[EventType "tourn"]
[EventRounds "5"]
[EventCountry "CAN"]
[SourceTitle "EXT 2011"]
[Source "ChessBase"]
[SourceDate "2010.11.26"]
[SourceVersion "1"]
[SourceVersionDate "2010.11.26"]
[SourceQuality "1"]

1. d4 d5 2. c4 Nf6 3. Nc3 g6 4. Nf3 Nc6 5. Bf4 Bg7 6. e3 Bf5 7. Bd3 Bxd3 8. Qxd3 0-0 9. cxd5 Nxd5 10. 0-0-0 Nxf4 11. exf4 Nb4 12. Qb5 Qd6 13. a3 Nc6 14. g3 Rab8 15. d5 Nd8 16. Ne4 Qb6 17. Qxb6 axb6 18. Rhe1 c6 19. dxc6 bxc6 20. Neg5 Bf6 21. f5 c5 22. fxg6 hxg6 23. h4 b5 24. g4 b4 25. axb4 cxb4 26. h5 Rc8+ 27. Kb1 b3 28. h6 Kh8 29. Ne4 Ne6 30. g5 Bxg5 31. Nexg5 Nxg5 32. Nxg5 e6 33. Rd7 f6 34. Nf7+ Kg8 35. Rh1 Rxf7 36. Rxf7 Kxf7 37. Rh3 g5 38. Rxb3 Kg6 39. Rb6 Kxh6 40. Rxe6 Kg6 41. b4 Rb8 42. Re4 f5 43. Rc4 g4 44. Ka2 Kg5 45. Ka3 f4 46. Ka4 f3 47. Ka5 Kh4 48. Rc1 Kh3 49. Rh1+ Kg2 50. Rh4 g3 51. fxg3 Kxg3 52. Rc4 f2 53. Rc1 Kg2 54. b5 f1Q 55. Rxf1 Kxf1 56. Ka6 Ke2 57. b6 Kd3 58. Ka7 Rxb6 59. Kxb6 1/2-1/2

[Event "CAN-ch U10 Girls"]
[Site "Victoria"]
[Date "2009.07.22"]
[Round "3"]
[White "Peng, Janet"]
[Black "Giblon, Melissa"]
[Result "0-1"]
[WhiteElo "992"]
[BlackElo "1208"]
[PlyCount "58"]
[EventDate "2009.07.21"]
[EventType "tourn"]
[EventRounds "5"]
[EventCountry "CAN"]
[SourceTitle "EXT 2011"]
[Source "ChessBase"]
[SourceDate "2010.11.26"]
[SourceVersion "1"]
[SourceVersionDate "2010.11.26"]
[SourceQuality "1"]

1. d4 d5 2. c4 e6 3. Nc3 Nf6 4. Bg5 Nbd7 5. Nf3 Be7 6. e3 0-0 7. Bd3 dxc4 8. Bxc4 a6 9. 0-0 b5 10. Bb3 Bb7 11. Ne5 h6 12. Nxd7 Nxd7 13. Bxe7 Qxe7 14. Qd3 Nf6 15. d5 exd5 16. Bxd5 Rad8 17. e4 c6 18. e5 Qxe5 19. Rfe1 Qc7 20. Ne4 Rxd5 21. Nxf6+ gxf6 22. Qh3 Kh7 23. Re4 Bc8 24. Qc3 Rf5 25. Rh4 Qa7 26. Qd2 Kg8 27. Qxh6 Qxf2+ 28. Kh1 Qf1+ 29. Rxf1 Rxf1# 0-1

[Event "CAN-ch U10 Girls"]
[Site "Victoria"]
[Date "2009.07.21"]
[Round "1"]
[White "Peng, Janet"]
[Black "Dallaire, Samuelle"]
[Result "1-0"]
[WhiteElo "992"]
[BlackElo "853"]
[PlyCount "39"]
[EventDate "2009.07.21"]
[EventType "tourn"]
[EventRounds "5"]
[EventCountry "CAN"]
[SourceTitle "EXT 2011"]
[Source "ChessBase"]
[SourceDate "2010.11.26"]
[SourceVersion "1"]
[SourceVersionDate "2010.11.26"]
[SourceQuality "1"]

1. d4 d5 2. c4 c6 3. Nc3 e6 4. Nf3 Nf6 5. Bg5 Bb4 6. e3 0-0 7. Be2 Bd7 8. 0-0 Na6 9. e4 dxe4 10. Nxe4 Nxe4 11. Bxd8 Raxd8 12. Bd3 f5 13. Bxe4 fxe4 14. Ne5 Bc8 15. a3 Be7 16. Re1 c5 17. Rxe4 Bh4 18. Rxh4 Rf6 19. Qc2 Rdf8 20. Qxh7# 1-0

[Event "CAN-ch U08 Girls"]
[Site "Quebec"]
[Date "2008.07.16"]
[Round "5"]
[White "Peng, Janet"]
[Black "Wang, Emily"]
[Result "1/2-1/2"]
[WhiteElo "1009"]
[BlackElo "702"]
[PlyCount "58"]
[EventDate "2008.07.14"]
[EventType "swiss"]
[EventRounds "7"]
[EventCountry "CAN"]
[SourceTitle "EXT 2011"]
[Source "ChessBase"]
[SourceDate "2010.11.26"]
[SourceVersion "1"]
[SourceVersionDate "2010.11.26"]
[SourceQuality "1"]

1. e4 e5 2. Nf3 Nc6 3. Bc4 Nf6 4. Ng5 d5 5. exd5 Nxd5 6. Bxd5 Qxd5 7. Nc3 Qd8 8. d3 Bb4 9. 0-0 h6 10. Nge4 Qd6 11. Nxd6+ cxd6 12. a3 Bxc3 13. bxc3 0-0 14. Re1 d5 15. Qf3 Be6 16. Qg3 Rfe8 17. Bxh6 g6 18. d4 exd4 19. cxd4 Nxd4 20. Re3 Nxc2 21. Rb1 Nxe3 22. Qxe3 Bf5 23. Qc1 Rac8 24. Qd2 Bxb1 25. Bf4 Rcd8 26. f3 d4 27. Qf2 b5 28. Bd2 d3 29. g4 Re2 1/2-1/2

[Event "CAN-ch U08 Girls"]
[Site "Quebec"]
[Date "2008.07.15"]
[Round "4"]
[White "Gao, Christine"]
[Black "Peng, Janet"]
[Result "1-0"]
[WhiteElo "873"]
[BlackElo "1009"]
[PlyCount "51"]
[EventDate "2008.07.14"]
[EventType "swiss"]
[EventRounds "7"]
[EventCountry "CAN"]
[SourceTitle "EXT 2011"]
[Source "ChessBase"]
[SourceDate "2010.11.26"]
[SourceVersion "1"]
[SourceVersionDate "2010.11.26"]
[SourceQuality "1"]

1. e4 e5 2. Nf3 Nf6 3. Nc3 Bc5 4. d4 exd4 5. Nxd4 Bxd4 6. Qxd4 Nc6 7. Qd1 0-0 8. Be2 d6 9. 0-0 Bg4 10. Bxg4 Nxg4 11. Qxg4 Ne5 12. Qg3 a5 13. Bh6 Ng6 14. Bg5 Qd7 15. Nd5 Qb5 16. Nxc7 Qxb2 17. Nxa8 Qxc2 18. Nb6 Re8 19. f3 Re5 20. Bf4 Nxf4 21. Qxf4 Rc5 22. Qxd6 g5 23. e5 Rb5 24. Rac1 Qe2 25. Rc8+ Kg7 26. Qf6# 1-0

[Event "CAN-ch U08 Girls"]
[Site "Quebec"]
[Date "2008.07.14"]
[Round "2"]
[White "Wang, Kelly"]
[Black "Peng, Janet"]
[Result "1-0"]
[WhiteElo "1388"]
[BlackElo "1009"]
[PlyCount "83"]
[EventDate "2008.07.14"]
[EventType "swiss"]
[EventRounds "7"]
[EventCountry "CAN"]
[SourceTitle "EXT 2011"]
[Source "ChessBase"]
[SourceDate "2010.11.26"]
[SourceVersion "1"]
[SourceVersionDate "2010.11.26"]
[SourceQuality "1"]

1. e4 e5 2. Nf3 Nf6 3. Nc3 Bc5 4. Bc4 Ng4 5. 0-0 d6 6. d4 Nc6 7. dxc5 0-0 8. cxd6 cxd6 9. Bg5 Qb6 10. Bb3 h6 11. Bh4 Qa6 12. h3 Nxf2 13. Bxf2 Nb4 14. Nd5 Nxd5 15. Bxd5 Qb5 16. Bb3 Be6 17. Qxd6 Rad8 18. Qxe5 Qa6 19. Bxe6 fxe6 20. Nd4 Rfe8 21. Qb5 Qxb5 22. Nxb5 a6 23. Nc3 Ra8 24. Rad1 b5 25. Rd6 a5 26. Nxb5 Rab8 27. Nc7 Rec8 28. Nxe6 Rxb2 29. Rd8+ Rxd8 30. Nxd8 Rxa2 31. e5 Kf8 32. e6 Ke8 33. Bh4 Rxc2 34. e7 a4 35. Rf8+ Kd7 36. e8Q+ Kd6 37. Qe7+ Kd5 38. Rf5+ Kc4 39. Rc5+ Kb3 40. Qb7+ Ka3 41. Rxc2 h5 42. Qb2# 1-0